000 00350nam a2200169Ia 4500
100 _aCengel/yunus A
650 _aFluid Mechanics
250 _a2
942 _cBK
366 _f20
245 _aFluid mechanics
260 _bTata Mc Graw hill Ltd.
_c2010
082 _a532
_bCEN
300 _a980
546 _aENGLISH
_cInfo.Tech
999 _c28886
_d28886